000 00835nam a2200217Ii 4500
003 JO-AjNU
008 230605s9999||||xx |||||||||||||| ||und||
017 _a2005/11/2662
040 _aJO-AjNU
_bara
_erda
_cJO-AjNU
041 _aara
050 1 4 _aHG4026.A748 2009
100 3 _aتأليف: عقل، مفلح محمد,
_eauthor
_929030
245 0 0 _aمقدمة في الادارة المالية والتحليل المالي
250 _aط1 العربية
264 3 1 _aعمان: مكتبة المجتمع العربي للنشر والتوزيع، 2009
300 _a496ص
_bيحتوي على ببلوغرافية من 495-496ص
336 _atext
_btxt
_2rdacontent
337 _aunmediated
_bn
_2rdamedia
338 _avolume
_bnc
_2rdacarrier
650 4 _aالادارة المالية- التحليل المالي
_929031
999 _aA11334
_c14902
_d14902